MDQL
is popping MORE tags! Check the
thread
!
Quizzes
Events
Quiz Creation
Community
Videos
Private Events
Remove Ads
Sign In
Join for FREE
Feedback
Dark Mode
Quiz Categories
Sports
Geography
Music
Movies
Television
Just For Fun
Miscellaneous
History
Literature
Language
Science
Gaming
Entertainment
Religion
Holiday
For Kids
Quiz Lab
Recent
Popular Today
Quiz Kudos Today
Editor Picks
Curator Picks
Quizzes by...
Day
Popularity
Type
Ratings
Length
Year
Community
Subscriptions
Recent Discussions
Orange Saloon
Badges
Playlists
Quests
Create
Leaderboards
Showdown
Live 5
Trivia Bingo
Activity
Puzzle Library
Sporcle Events
Private Events
Virtual Trivia
Globe League
Become a Host
Pub Owners
SporcleCon
Opinionation
Our Games
Videos
Blog
Mobile Apps
Partnerships
Remove Ads and Go Orange
Feedback
Music
Pop Music
The Beatles
Song
Album
Lyrics
Bands
Singers
Artist
Clip
Rock
Rap
Classical
Billboard
Country Music
Kpop
Taylor Swift
Music
Pop Music
The Beatles
Song
Album
Lyrics
Bands
Singers
Artist
Clip
Rock
Rap
Classical
Billboard
Country Music
Kpop
Taylor Swift
Random Quiz
Search Sporcle
×
Quiz Lab
Quiz Lab
Music
Kpop
Select answers by clicking on text or image buttons
Select answers by clicking on text or image buttons
Clickable
Best Score? Go Orange.
Kpop twitter usernames Stats
Can you guess who these usernames belong to?
By
daelicious
10m
40 Questions
515 Plays
515 Plays
515 Plays
Comments
Comments
Give Quiz Kudos
Give Quiz Kudos
-
- Ratings
hide this ad
Forced Order
Answers have to be entered in order
Answers have to be entered in order
Replay
Link that replays current quiz
Next Quiz
Link to next quiz in quiz playlist
You Got
0%
They Got
Avg Score
54%
Avg Friend Score
Upgrade to see
Score Distribution
Jump to the score distribution portion of the page
Score
0/40
Timer
10:00
0
Plays Today
% Correct
Taecyeon
88.7%
JB
88%
Mark
85.8%
Sunny
85%
Jr.
84.5%
Nana
83.9%
L.Joe
81.6%
Minhyuk
81.2%
Amber
77.7%
Hayoung
73.2%
Ryeowook
73%
Dongwoo
71.1%
Shindong
71.1%
Doojoon
69.5%
Jun
66%
Seungri
64.1%
AJ
61.4%
Woohyun
60.6%
N
57.3%
Jihyun
57.1%
% Correct
Yoseob
50.3%
Yonghwa
48.5%
Junhyung
47.6%
Eunhyuk
46.8%
Park Bom
46.6%
Ken
46.4%
Leeteuk
46.2%
Kyuhyun
42.9%
Youngji
41.7%
Chansung
40.2%
Sunggyu
38.3%
Hongbin
38.1%
Seohyun
33%
Wooyoung
22.3%
Junho
20.6%
JunQ
19.2%
C.A.P
17.1%
Changjo
15.5%
Chunji
14.8%
Insoo
13.2%
Quiz Playlist
Details
Report
Send in Message
Add To Playlist
Clickable:
Select answers by clicking on text or image buttons
Forced Order:
Answers have to be entered in order
Last Updated: Feb 16, 2017
Quiz Scoreboard
CHALLENGE
Sign Up to Join the Scoreboard
Show All
Scores
Hide
Comments
May contain spoilers
Recently Published
Holiday 10x10 Sorting Gallery
by lukepisani3
Holiday
15m
Two Season TV Shows II
by 123Four
Television
10m
Image Sorting: Flags VI
by Barbecue
Geography
2m
More to Explore
Quiz From the Vault
Featured Blog Post
14 Easter Pick-up Lines to Find Eggs With
hide this ad
You Might Also Like...
Tags
Kpop Quiz
Kpop Quiz
Today's Top Quizzes in Music
Browse Music
hide this ad
Today's Top Quizzes in Kpop
Browse Kpop
Top Contributed Quizzes in Music
1
5X2 Blitz: Bands II
2
Taylor Swift All Songs (2024)
3
5X2 Blitz: The Beatles
4
5X2 Blitz: Billboard
5
Music Artist by Three 2010s hits
6
5X2 Blitz: Billboard II
7
5X2 Blitz: Album
8
5X2 Blitz: Rock
9
5X2 Blitz: Singers
10
5X2 Blitz: Lyrics
Explore More
Trending Topics
Crossword
Harry Potter
Marvel
Disney
Anime
NBA
Kpop
Country
The Office
Puzzle
WWE
Pokémon
Soccer
Song
NFL
hide this ad
More By:
daelicious
Quiz
Plays
Rating
Category
Featured
Created
Kpop MV by Description
1,760
4.00
Music
Apr 14, 2014
kpop instagram usernames
1,112
2.75
Music
Mar 2, 2015
kpop twitter usernames
515
Music
Feb 27, 2015
kpop quizeu
475
1.00
Music
May 21, 2014
Go to Creator's Profile
Score Distribution
Quiz Creator Spotlight
daelicious
Follow
Send a Message
Quizzes Created
-
Created Quiz Play Count
-
More By This Creator
Popular Quizzes Today
1
Find the US States - No Outlines Minefield
2
Colored Red Africa Blitz
3
Find the 'City' Movie
4
The Countries of the World
5
Find the US States
6
5x2 Blitz: Bands
7
Find the Countries of Europe - No Outlines Minefield
8
US States
More Music Quizzes
Guardians of the Galaxy Soundtrack Match
Editor's Pick
Trending Quizzes
Colored Red Europe Blitz I
Colored Red Europe Blitz II
Colored Red Africa Blitz II
Colored Red Europe Blitz III
Colored Red Africa Blitz III
Recently Updated
Odd Team Out - Big 4 Players
pecheneg
Quick Pick: 20 Twenties
pecheneg
March Madness Men's Triple Doubles
pecheneg
How Do You Spell That?
pecheneg
Godzilla Movies
pecheneg
Grab Bag: 4-10 Letters
pecheneg
2024 March Madness Bracket
pecheneg
Famous TV Couples
Peacemaker
Champions League XIs: Real Madrid
pecheneg
Largest US Cities 1790-2010
pecheneg
Trending Topics
Kpop
Harry Potter
Marvel
NBA
Crossword
Anime
Disney
The Office
Puzzle
WWE
Country
Pokémon
Soccer
Song
NFL
Your Account Isn't Verified!
In order to create a playlist on Sporcle, you need to verify the email address you used during registration. Go to your
Sporcle Settings
to finish the process.
Report this User
Report this user for behavior that violates our
Community Guidelines
.
Details:
Send Report
Go to the Sporcle.com Mobile Site →
Comments